| 000 | 01999nam0a2200373 4500 | ||
|---|---|---|---|
| 001 | RU\NLR\BIBL_A\010830440 | ||
| 005 | 20260407132146.0 | ||
| 010 |
_a978-5-9584-0173-6 _9200 |
||
| 035 | _a(NLR Aleph) 010830440 | ||
| 090 |
_a10285814 _c10285814 |
||
| 100 | _a20150908d2008 |||y0rusy50 ca | ||
| 101 | 0 | _arus | |
| 102 | _aRU | ||
| 105 | _aa|||z|||000yy | ||
| 200 | 1 |
_aИммунный статус организма и здоровье _f[А.А. Каспаров, Н.М. Савичева, С.Х. Сарманаев] _gГос. учреждение Ин-т повышения квалификации Федер. мед.-биол. агентства, Каф. медицины труда, проф. патологии и экологии человека |
|
| 210 |
_aМосква _c[б. и.] _d2008 |
||
| 215 |
_a77 с. _cил. _d21 |
||
| 225 | 1 | _aВ помощь практическому врачу регионов уничтожения химического оружия | |
| 300 | _aАвт. указаны на обороте тит. л. | ||
| 320 | _aБиблиогр.: с. 77 (4 назв.) | ||
| 606 | 1 |
_aИммунитет _9904295 _3RU\NLR\AUTH\669309 |
|
| 606 | 1 |
_aИммунотоксикология _91519405 _3RU\NLR\AUTH\66962181 |
|
| 606 | 1 |
_aАллергия _9935414 _3RU\NLR\AUTH\6626605 |
|
| 686 | 1 | _aР252.325 | |
| 686 | 1 | _aР284.241 | |
| 686 | 1 | _aР252.321 | |
| 700 | 1 |
_aКаспаров _bА. А. _f1929- _gАшот Арменакович _9156182 _3RU\NLR\AUTH\770156221 |
|
| 701 | 1 |
_aСавичева _bН. М. _gНаталья Михайловна |
|
| 701 | 1 |
_aСарманаев _bС. Х. _gСалават Хамитович |
|
| 712 | 0 | 1 |
_4570 _aРоссийская Федерация _bФедеральное медико-биологическое агентство _bИнститут повышения квалификации _3RU\NLR\AUTH\8810078323 _9658837 |
| 942 | _cBOOK | ||
| 980 | _aNB | ||